书目信息 |
| 题名: |
词林正韵
|
|
| 作者: | 戈载 撰 | |
| 分册: | ||
| 出版信息: | 上海 上海古籍出版社 1981 |
|
| 页数: | 264页 | |
| 开本: | 21cm | |
| 丛书名: | ||
| 单 册: | ||
| 中图分类: | I207.23 , H11 | |
| 科图分类: | ||
| 主题词: | 词律-文学研究--中国--清代 , 文学研究-词律--中国--清代 , 汉语--语音 , 汉语--音韵学 | |
| 电子资源: | ||
| ISBN: | ||
| 000 | 00696nam0 2200277 450 | |
| 001 | 1574299818 | |
| 005 | 20150120203837.89 | |
| 010 | @dCNY1.10 | |
| 091 | @a9186.10 | |
| 100 | @a19950522d1981 em y0chiy0110 ea | |
| 101 | 0 | @achi |
| 102 | @aCN@b310000 | |
| 105 | @ay z 000yy | |
| 200 | 1 | @a词林正韵@9ci lin zheng yun@f(清)戈载撰 |
| 205 | @b影印本 | |
| 210 | @a上海@c上海古籍出版社@d1981 | |
| 215 | @a264页@d21cm | |
| 606 | 0 | @a词律-文学研究@y中国@z清代 |
| 606 | 0 | @a文学研究-词律@y中国@z清代 |
| 606 | 0 | @a汉语@x语音 |
| 606 | 0 | @a汉语@x音韵学 |
| 690 | @aI207.23@v5 | |
| 690 | @aH11@v4 | |
| 701 | 0 | @a戈载@9ge zai@4撰 |
| 801 | 0 | @aCN@bTSSF@c20150120 |
| 905 | @aZUCC@dH11@eJY23 | |
| 词林正韵/(清)戈载撰.-影印本.-上海:上海古籍出版社,1981 |
| 264页;21cm |
| ISBN :CNY1.10 |
| ● |
| 相关链接 |
|
|
|
|
正题名:词林正韵
索取号:H11/JY23
 
预约/预借
| 序号 | 登录号 | 条形码 | 馆藏地/架位号 | 状态 | 备注 |
| 1 | 7836592 | 278365920 | 学院路分馆/ [索取号:H11/JY23] | 在馆 |